<?xml version="1.0" encoding="UTF-8"?>
<marc:record xmlns:marc="http://www.loc.gov/MARC21/slim">
   <marc:leader>00000nam a2200000 a 4500</marc:leader>
   <marc:datafield ind1="1" ind2=" " tag="100">
      <marc:subfield code="a">Martin Pfeiffer</marc:subfield>
   </marc:datafield>
   <marc:datafield ind1="0" ind2="0" tag="245">
      <marc:subfield code="a">Alle meine ... Herbstlieder-Klassiker [Tonträger]</marc:subfield>
   </marc:datafield>
   <marc:datafield ind1="0" ind2="0" tag="245">
      <marc:subfield code="b">Zum Mitsingen und Tanzen</marc:subfield>
   </marc:datafield>
   <marc:datafield ind1=" " ind2="1" tag="264">
      <marc:subfield code="a">D-35510 Butzbach</marc:subfield>
      <marc:subfield code="b">BÄNG Management und Verlags GmbH &amp; Co. KG</marc:subfield>
   </marc:datafield>
   <marc:datafield ind1="1" ind2=" " tag="490">
      <marc:subfield code="a">Der Hörverlag</marc:subfield>
   </marc:datafield>
   <marc:datafield ind1="1" ind2=" " tag="520">
      <marc:subfield code="a">1. Der Herbst ist da.- 2. In meinem kleinen Apfel.- 3. Ein Männlein steht im Walde.- 4. Ri-Ra-Rutsch.- 5. Hörst du die Regenwürmer husten.- 6. Hopp, hopp, hopp.- 7. Hänsel und Gretel.- 8. Liebe Sonne scheine doch.- 9. Ein Schneider fing 'ne Maus.- 10. Spannenlanger Hansel.- 11. Ein Jäger aus Kurpfalz.- 12. Das Wandern ist des Müllers Lust.- 13. Es regnet, es regnet.- 14. Eija Popeija, was raschelt im Stroh.- 15. Häschen in der Grube.- 16. Jetzt fahr'n wir über'n See.- 17. Hänschen klein.- 18. Muss i denn.- 19. Es war eine Mutter.- 20. Widewidewenne heißt meine Puthenne.- 21. Bunt sind schon die Wälder.- 22. Kommt, wir woll'n n' Laterne kaufen.- 23. Ich geh' mit meiner Laterne.- 24. Laterne, Laterne.- 25. Sankt Martin.- 26. Mann im Mond.- 27. Nun ruhen alle Wälder.</marc:subfield>
   </marc:datafield>
   <marc:datafield ind1=" " ind2=" " tag="020">
      <marc:subfield code="a">3844540040</marc:subfield>
      <marc:subfield code="9">3844540040</marc:subfield>
   </marc:datafield>
   <marc:datafield ind1="3" ind2=" " tag="024">
      <marc:subfield code="a">9783844540048</marc:subfield>
   </marc:datafield>
   <marc:datafield ind1="0" ind2=" " tag="490">
      <marc:subfield code="v">0</marc:subfield>
   </marc:datafield>
   <marc:datafield ind1=" " ind2=" " tag="300">
      <marc:subfield code="a">1 CD (62:38 Minuten) : + 1 Beiheft (Leporello)</marc:subfield>
   </marc:datafield>
</marc:record>
